000 01096nam a2200193 a 4500
001 17106
003 CO-ViMGA
008 141112s2004 ck r 000 u spa d
020 _a8489898804
040 _aCO-ViMGA
_bspa
_cCO-ViMGA
082 _aR036 E524
245 1 0 _aEnciclopedia Larousse
260 _aBarcelona (España),
_cLarousse,
_cplaneta,
_c1999
300 _a12 Vol. - Apendice
505 _aAPENDICE : Imagenes del año - Panorama internacional - Economía - Cultura - Sociedad - Ciencia y tecnica - Medio ambiente - Deportes - Personajes del año - Premios - Estadisticas - Paises del mundo VOL (1) : a/avergonzar VOL (2) : averia / castilla VOL (3) : castilla / David VOL (4) : David / estomocordado VOL (5) : Estonia / Guajira VOL (6) : Guajira / Johannes VOL (7) : Johannesbrugo / Marne VOL (8) : Marnia / O'Connor VOL (9) : Ocosingo / Prohibición VOL (10) : Prohibicionismo / Schwarse VOL (11) : Schwarzenberg / Tortelier VOL (12) : Tortera / Zydeco
590 _aForma de adquisición : Premio - Mincultura
650 1 4 _aENCICLOPEDIAS Y DICCIONARIOS
_94111
942 _2ddc
_cBK
999 _c10853
_d10853